Liedtext - Mama kannst du mich abholen (I-III) - Alligatoah - Statistiken

Allgemein
  • Dieses Quiz wurde 15 mal gespielt
  • Das Durchschnittsergebnis liegt bei 315 aus 529
Antwortstatistiken
Antwort % Korrekt
abholen
100%
du
100%
ich
100%
ich,
100%
Ich
100%
kannst
100%
Mama,
100%
Mama
100%
mich
100%
hab'
93%
bin
86%
mach'
86%
Und
86%
und
86%
ein'
79%
ein
79%
gebaut
79%
machtlos
79%
Scheiße
79%
Weil
79%
mir
71%
nicht
71%
sing'
71%
war
71%
Das
64%
das
64%
den
64%
Gute-Nacht-Strophen
64%
mit
64%
paar
64%
Was
64%
Wir
64%
wir
64%
der
57%
Der
57%
es
57%
für
57%
so
57%
war'n
57%
wie
57%
dem
50%
die
50%
Die
50%
ist
50%
mein
50%
zu
50%
an
43%
in
43%
In
43%
los,
43%
mehr
43%
Meine
43%
meine
43%
'nem
43%
noch
43%
weg
43%
Wenn
43%
wenn
43%
Aber
36%
alles
36%
auf
36%
bei
36%
dass
36%
drei
36%
groß,
36%
Heut'
36%
im
36%
Jetzt
36%
Kein
36%
keine
36%
Leute
36%
mei'm
36%
meinem
36%
meiner
36%
Nach
36%
nur
36%
ohne
36%
sind
36%
Tage
36%
vom
36%
wollen,
36%
wollte
36%
zum
36%
zwei
36%
Angst,
29%
Beim
29%
Bis
29%
bis
29%
dicht
29%
Drogen
29%
einer
29%
fahren,
29%
Freunde
29%
große
29%
hat
29%
hatt'
29%
hatte
29%
Hier
29%
Koks,
29%
kriege
29%
Langsam
29%
Meines
29%
Partykids,
29%
spiel'
29%
Urlaub
29%
Als
21%
atmet
21%
Beifahrersitz
21%
bitte
21%
Diktatorenehre
21%
Ende
21%
frage:
21%
Fresse
21%
Freundin
21%
gibt
21%
Heute
21%
Kopf
21%
Leib
21%
Papa
21%
Pläne
21%
roten
21%
sag
21%
Schwanz
21%
Sorgen
21%
Spaß
21%
steh'n
21%
testen
21%
zahnlose
21%
zieh'
21%
Alkoholprobleme
14%
All-inclusive-Sklaven
14%
Arche
14%
Atomrakete
14%
Bahnhofstoilette
14%
bekloppte
14%
bitteren
14%
erober'
14%
errichten
14%
Fanatisten
14%
Faserriss
14%
fern
14%
Franziskanerkloster
14%
geben
14%
geflitzt
14%
Gefühl,
14%
gewählte
14%
Gewissen
14%
gewollt,
14%
Gottesstaat
14%
Granatensplitter
14%
Händen
14%
Hartz-Kohle
14%
ihn
14%
Journalist
14%
kämpfen
14%
kleinen
14%
Komm
14%
komm'
14%
Lebens
14%
lichten
14%
losgetreten
14%
Mars
14%
merk'
14%
Mittelmeerstränden
14%
Momenten
14%
Pechtag
14%
Poolanlagen
14%
Probleme
14%
Rechtsstaat
14%
Rufnummer
14%
scheuch'
14%
Schiffe
14%
schwör'
14%
sicher
14%
sicher'
14%
Sorgfaltspflicht
14%
stecken
14%
Stolz,
14%
Tabletten,
14%
Touri-Straßen
14%
Tradition
14%
ungültig
14%
unten
14%
Verbreite
14%
verlaufen
14%
versenken
14%
Vorfall
14%
zitternden
14%
Zog
14%
Bacardi-Cola,
7%
begreif'
7%
entdeckt
7%
Fäuste
7%
flogen
7%
Freud'scher
7%
Fußmassagen
7%
Gras,
7%
Grenzen
7%
Grund,
7%
Guck,
7%
gucken
7%
Häuserdächer,
7%
Hebel
7%
Hirn,
7%
Hock'
7%
Kletter'
7%
Leihwagen,
7%
Lüge
7%
Messer
7%
Mottenlarven,
7%
Nachdem
7%
nisten
7%
Noah
7%
Opferzahlgeschichten
7%
Panik
7%
Raumschiff
7%
Rekordzahl
7%
Schlafmohngewächse
7%
Star-Wars-Poster!
7%
Stieg
7%
Treibjagd,
7%
Treuebrechen,
7%
Überschlag
7%
Verbrechen
7%
Verbrecher
7%
Wortwahl
7%
wutgeladen
7%
Acid
0%
bricht
0%
klar
0%
Keine übereinstimmenden Quizze gefunden
Verteilung der Resultate
Anzahl Personen mit jedem Resultat
Perzentil nach korrekt beantworteten Fragen
Ihre Resultats-Entwicklung
Sie haben dieses Quiz noch nicht gespielt